| 000 | 00536nam a2200193Ia 4500 | ||
|---|---|---|---|
| 008 | 230125s9999 xx 000 0 und d | ||
| 020 | _a1-84112-211-4 | ||
| 041 | _aeng | ||
| 082 |
_a658 _bWHI |
||
| 100 |
_aWhiteley P _9112023 |
||
| 245 | _aPeople Express | ||
| 260 |
_c2002 _bCapstone publication _aLondon |
||
| 300 | _a118p | ||
| 440 |
_aEssential Management Thinking At Your Fingertips Series _9107434 |
||
| 500 | _aSeries Book;People Series Book | ||
| 700 |
_aWhiteley P _9112023 |
||
| 906 | _b24 | ||
| 999 |
_c88954 _d88954 |
||